[Event "Belavenets mem op"]
[Site "Smolensk"]
[Date "1991.??.??"]
[Round "?"]
[White "Khudiakov, Igor"]
[Black "Beshukov, Sergei"]
[Result "0-1"]
[WhiteElo "2300"]
[BlackElo "2310"]

1.d4 Nf6 2.c4 g6 3.Nc3 d5 4.cxd5 Nxd5 5.e4 Nxc3 6.bxc3 Bg7 7.Bb5+ c6 8.Ba4 O-O
9.Ne2 Nd7 10.O-O e5 11.Be3 Qe7 12.Qc2 Nb6 13.Bb3 Be6 14.Rad1 Nc4 15.Bc1 b5
16.f4 f6 17.Rf3 exf4 18.Bxf4 f5 19.Re1 fxe4 20.Qxe4 Qd7 21.Bg5 Bd5 22.Rxf8+ Rxf8
23.Qh4 Nd6 24.Ng3 Qf7 25.Rf1 Qe6 26.Rxf8+ Bxf8 27.Bxd5 Qxd5 28.Be7 Qe6 29.Bf6 Qe3+
30.Kf1 Nc4 31.Ne2 Nd2+ 32.Ke1 Ne4 33.Bd8 Nxc3 34.Qg4 Bg7  0-1

[Event "Belavenets mem op"]
[Site "Smolensk"]
[Date "1991.??.??"]
[Round "?"]
[White "Karpman, Vadim"]
[Black "Beshukov, Sergei"]
[Result "1-0"]
[WhiteElo "2445"]
[BlackElo "2310"]

1.d4 Nf6 2.c4 g6 3.Nc3 d5 4.cxd5 Nxd5 5.e4 Nxc3 6.bxc3 Bg7 7.Bc4 c5 8.Ne2 O-O
9.O-O Nc6 10.Be3 Qc7 11.Rc1 Rd8 12.Bf4 Qd7 13.d5 Na5 14.Bd3 e5 15.Be3 b6
16.f4 exf4 17.Bxf4 Qe7 18.Qd2 Bg4 19.Rce1 Nb7 20.Ng3 c4 21.Bc2 Qa3 22.Re3 Qxa2
23.Bg5 Rf8 24.e5 Rae8 25.Bf6 Bh6 26.Ne4 Nc5 27.Nxc5 bxc5 28.Qf2 Rb8 29.Rg3 Rb2
30.Rxg4 Rxc2 31.Qf3 Re2 32.Re4 Rxe4 33.Qxe4 Qd2 34.Qxc4 Re8 35.d6 Re6 36.Qb5 Bf8
37.d7 a6 38.Qa4 Be7 39.Bxe7 Rxe7 40.Rd1 Qe3+ 41.Kh1  1-0

[Event "St Ingbert op"]
[Site "St Ingbert"]
[Date "1991.??.??"]
[Round "7"]
[White "Michaelsen, Nils"]
[Black "Fahnenschmidt, Gerhard"]
[Result "1/2-1/2"]
[WhiteElo "2315"]
[BlackElo "2385"]

1.d4 Nf6 2.c4 g6 3.Nc3 d5 4.cxd5 Nxd5 5.e4 Nxc3 6.bxc3 Bg7 7.Nf3 c5 8.Rb1 O-O
9.Be2 cxd4 10.cxd4 b6 11.O-O Bb7 12.d5 Nd7 13.Ba3 Rc8 14.Qa4 a6 15.Rfc1 b5
16.Qb4 Re8 17.Nd4 Qb6 18.Rxc8 Rxc8 19.Bb2 Nc5 20.Nb3 Bxb2  1/2-1/2

[Event "Stavanger op"]
[Site "Stavanger"]
[Date "1991.??.??"]
[Round "2"]
[White "Remlinger, Larry"]
[Black "Lohou, Stephane"]
[Result "1-0"]
[WhiteElo "2370"]
[BlackElo "2070"]

1.d4 Nf6 2.c4 g6 3.Nc3 d5 4.cxd5 Nxd5 5.e4 Nxc3 6.bxc3 Bg7 7.Bc4 c5 8.Ne2 Nc6
9.Be3 O-O 10.Rc1 Qc7 11.h4 Na5 12.Bd3 c4 13.Bb1 e5 14.h5 b5 15.Qd2 Bb7 16.Bh6 Rad8
17.Bxg7 Kxg7 18.hxg6 fxg6 19.Qh6+ Kg8 20.dxe5 Nc6 21.f4 Bc8 22.Bc2 Rf7 23.Qh4 Qb6
24.Qg3 Qc5 25.e6 Rg7 26.Qf2 Qxf2+ 27.Kxf2 Bxe6 28.Rhd1 Rgd7 29.Rxd7 Rxd7
30.Ke3 Kf7 31.Nd4 Nxd4 32.cxd4 Re7 33.Rb1 a6 34.a4 Rb7 35.axb5 axb5 36.d5 Bd7
37.e5 Be8 38.Kd4 Ra7 39.Be4  1-0

[Event "Stockerau op-J"]
[Site "Stockerau"]
[Date "1991.??.??"]
[Round "?"]
[White "Biriukov, Ilja"]
[Black "Dereviagin, Vladislav"]
[Result "0-1"]
[WhiteElo "2420"]
[BlackElo "2260"]

1.d4 Nf6 2.c4 g6 3.Nc3 d5 4.cxd5 Nxd5 5.e4 Nxc3 6.bxc3 Bg7 7.Be3 c5 8.Qd2 O-O
9.Nf3 Qa5 10.Rb1 a6 11.Rc1 Rd8 12.Bh6 Bh8 13.Bc4 e6 14.Qf4 b5 15.Ng5 Ra7
16.Bb3 Nc6 17.e5 Rxd4 18.Ne4 Bxe5 19.Qf3 Rxe4+ 20.Qxe4 Bxc3+ 21.Kf1 Bd7 22.h4 c4
23.Bc2 f5 24.Qe3 Bd4 25.Qh3 Qb6 26.h5 Be8 27.hxg6 Bxg6 28.g4 fxg4 29.Qxg4 Ne5
30.Qg3 Rf7 31.Bf4 Bxf2 32.Qxf2 Qxf2+ 33.Kxf2 Bxc2 34.Kg3 Nd3 35.Rxc2 Rxf4
36.Rh6 Kf7 37.Rxh7+ Kf6 38.Ra7 Rf5 39.Re2 Nc5 40.Rc7 c3 41.a3 a5 42.Rh2 b4
43.axb4 axb4 44.Kg4 Ne4 45.Rb7 Nf2+ 46.Rxf2 Rxf2 47.Rxb4 Ke5 48.Rc4 c2 49.Kg3 Kd5
50.Rc8 Rd2 51.Kf3 Kd4 52.Rd8+ Kc3 53.Rc8+ Kb2 54.Rb8+ Kc1 55.Rg8 Rd3+ 56.Ke2 Kb2
57.Kxd3 c1=Q 58.Rb8+ Ka3 59.Ra8+ Kb4 60.Rb8+ Ka5  0-1

[Event "Rilton Cup"]
[Site "Stockholm"]
[Date "1991.??.??"]
[Round "7"]
[White "Barkhagen, Jonas"]
[Black "Khenkin, Igor"]
[Result "1/2-1/2"]
[WhiteElo "2340"]
[BlackElo "2460"]

1.d4 Nf6 2.c4 g6 3.Nc3 d5 4.cxd5 Nxd5 5.e4 Nxc3 6.bxc3 Bg7 7.Bc4 c5 8.Ne2 O-O
9.O-O Nc6 10.Be3 Bg4 11.f3 Na5 12.Bd3 cxd4 13.cxd4 Be6 14.Rc1 Bxa2 15.Qa4 Be6
16.d5 Bd7 17.Qb4 e6 18.Nc3 exd5 19.Nxd5 Be6 20.Rfd1 Bxd5 21.exd5 Qxd5 22.Be4 Qb3
23.Bd2 b6 24.Bxa8 Rxa8 25.Qe4 Rd8 26.Rb1 Qc4 27.Be3 Rf8 28.Qe7 Nc6 29.Qd7 Qc3
30.Bf2 Rd8 31.Qc7 Rxd1+ 32.Rxd1 Be5 33.Qd7 Kg7 34.Qd5 h5 35.h3  1/2-1/2

[Event "Strasbourg op"]
[Site "Strasbourg"]
[Date "1991.??.??"]
[Round "9"]
[White "Avshalumov, Alex"]
[Black "Roos, Daniel"]
[Result "1/2-1/2"]
[WhiteElo "2475"]
[BlackElo "2385"]

1.d4 Nf6 2.c4 g6 3.Nc3 d5 4.cxd5 Nxd5 5.e4 Nxc3 6.bxc3 Bg7 7.Nf3 c5 8.Rb1 O-O
9.Qd2 Nd7 10.Bd3 Qc7 11.O-O e5 12.Qg5 b6 13.Be3 Bb7 14.Rbc1 Rae8 15.Qh4 Qd6
16.Qg3 Rc8 17.d5  1/2-1/2

[Event "Subotica Interzonal (Women)"]
[Site "Subotica"]
[Date "1991.??.??"]
[Round "13"]
[White "Litinskaya, Marta I"]
[Black "Veroci, Zsuzsa"]
[Result "1-0"]
[WhiteElo "2370"]
[BlackElo "2320"]

1.d4 Nf6 2.c4 g6 3.Nc3 d5 4.cxd5 Nxd5 5.e4 Nxc3 6.bxc3 Bg7 7.Qa4+ Nd7 8.Be3 O-O
9.Rc1 c5 10.Nf3 Qc7 11.Be2 a6 12.O-O b5 13.Qa3 Bb7 14.d5 Rac8 15.c4 b4 16.Qa4 Nb6
17.Qc2 a5 18.Qd2 e5 19.Ne1 Qd6 20.a3 f5 21.f3 Nd7 22.Ra1 f4 23.Bf2 Ra8 24.Nd3 Rfc8
25.Rfc1 Bf6 26.Qb2 Be7 27.Bd1 Qc7 28.Ba4 Bd6 29.Bxd7 Qxd7 30.axb4 axb4 31.Rxa8 Bxa8
32.Nxe5 Qa7 33.Nd3 Rb8 34.Ra1  1-0

[Event "SWE-ch"]
[Site "SWE"]
[Date "1991.??.??"]
[Round "11"]
[White "Barkhagen, Jonas"]
[Black "Carlhammar, Magnus"]
[Result "1/2-1/2"]
[WhiteElo "2340"]
[BlackElo "2290"]

1.d4 Nf6 2.c4 g6 3.Nc3 d5 4.cxd5 Nxd5 5.e4 Nxc3 6.bxc3 Bg7 7.Bc4 c5 8.Be3 O-O
9.Ne2 Nc6 10.O-O Bg4 11.f3 Na5 12.Bd3 cxd4 13.cxd4 Be6 14.Rc1 Bxa2 15.Qa4 Be6
16.d5 Bd7 17.Qb4 e6 18.Nc3 exd5 19.Nxd5 Be6 20.Rfd1 Bxd5 21.exd5 Re8 22.Bf2 Bf8
23.Qa4 a6 24.Ra1  1/2-1/2

[Event "SWE-ch"]
[Site "SWE"]
[Date "1991.??.??"]
[Round "13"]
[White "Ornstein, Axel"]
[Black "Carlhammar, Magnus"]
[Result "0-1"]
[WhiteElo "2440"]
[BlackElo "2290"]

1.d4 Nf6 2.c4 g6 3.Nc3 d5 4.cxd5 Nxd5 5.e4 Nxc3 6.bxc3 Bg7 7.Be3 c5 8.Qd2 Qa5
9.Rb1 a6 10.Nf3 Nc6 11.Rc1 cxd4 12.cxd4 Qxd2+ 13.Kxd2 e6 14.Bc4 O-O 15.Ke2 Bd7
16.d5 exd5 17.exd5 Ne5 18.Nxe5 Bxe5 19.Bb6 Bf4 20.Rc3 Rac8 21.Kf3 Be5 22.Rcc1 Bb2
23.Rc2 Ba3 24.Bb3 Rxc2 25.Bxc2 Rc8 26.Bb3 Rc3+ 27.Ke4 Bf5+ 28.Ke5 Kg7 29.Be3 a5
30.g4 f6+ 31.Kf4 Bd6+ 32.Kf3 Bd7 33.Rb1 b5 34.h3 a4 35.Bd1 b4 36.Ke4 Bb5
37.Rc1 Bd3+ 38.Kf3 Rxc1 39.Bxc1 b3 40.axb3 a3  0-1

[Event "SWZ-chT"]
[Site "?"]
[Date "1991.??.??"]
[Round "?"]
[White "Begovac, Franja"]
[Black "Glauser, Hansruedi"]
[Result "1-0"]
[WhiteElo "2405"]
[BlackElo "2325"]

1.d4 Nf6 2.c4 g6 3.Nc3 d5 4.cxd5 Nxd5 5.e4 Nxc3 6.bxc3 Bg7 7.Be3 c5 8.Qd2 Qa5
9.Rc1 e6 10.Nf3 O-O 11.Bh6 Nc6 12.h4 cxd4 13.Bxg7 Kxg7 14.cxd4 Qxd2+ 15.Kxd2 Rd8
16.Ke3 Bd7 17.Rb1 Na5 18.Be2 Rac8 19.Rhc1 f6 20.g4 h6 21.g5 Rxc1 22.Rxc1 Rc8
23.gxf6+ Kxf6 24.Rxc8 Bxc8 25.Ne5 g5 26.hxg5+ hxg5 27.Bd3 a6 28.Nf3 Kg6 29.d5 exd5
30.exd5+ Bf5 31.Ne5+ Kf6 32.Kd4 b5 33.Bxf5 Kxf5 34.Nd3 Nc4 35.Nc5 a5 36.Ne4 g4
37.a4 Na3 38.Nd6+ Kf4 39.Nxb5 Nc2+ 40.Kc5 Nb4 41.d6 Nd3+ 42.Kd5 Nb4+ 43.Ke6 Nc6
44.d7 Nd8+ 45.Ke7 Nc6+ 46.Ke8  1-0

[Event "Tel Aviv"]
[Site "Tel Aviv"]
[Date "1991.??.??"]
[Round "11"]
[White "Porper, Eduard"]
[Black "Greenfeld, Alon"]
[Result "0-1"]
[WhiteElo "2485"]
[BlackElo "2520"]

1.d4 Nf6 2.c4 g6 3.Nc3 d5 4.cxd5 Nxd5 5.e4 Nxc3 6.bxc3 Bg7 7.Bc4 c5 8.Ne2 Nc6
9.Be3 O-O 10.O-O Qc7 11.Rc1 Rd8 12.Qd2 b6 13.f4 Na5 14.Bd5 Bb7 15.Bxb7 Qxb7
16.Qd3 e6 17.Rfd1 f5 18.exf5 exf5 19.Bf2 c4 20.Qf3 Qxf3 21.gxf3 Rd7 22.Bh4 Re8
23.Kf2 Kf7 24.Rb1 Rd5 25.Ng3 Nc6 26.Nf1 Ra5 27.Rd2 Ra3 28.Rc2 h6 29.Kg2 Bf8
30.Rb5 Bd6 31.Bg3 Ra5 32.Rxa5 Nxa5 33.Kf2 b5 34.Ne3 a6 35.Re2 Nc6 36.h4 h5
37.Rc2 Ba3 38.Nd5 Rd8 39.Nc7 Nb8 40.Re2 Rd6 41.Kf1 Nd7 42.Be1 Nf6 43.Re5 Rc6
44.Na8 Nd7 45.Bf2 Rc8 46.Rd5 Nf6 47.Nb6 Nxd5 48.Nxc8 Ke6  0-1

[Event "Torcy op-B"]
[Site "Torcy"]
[Date "1991.??.??"]
[Round "?"]
[White "Barbot, O."]
[Black "Levieux, Pascal"]
[Result "0-1"]
[WhiteElo "1720"]
[BlackElo "1930"]

1.d4 Nf6 2.c4 g6 3.Nc3 d5 4.cxd5 Nxd5 5.e4 Nxc3 6.bxc3 Bg7 7.Bc4 O-O 8.Ne2 c5
9.O-O Nc6 10.Be3 Bg4 11.f3 Na5 12.Bxf7+ Rxf7 13.fxg4 Rxf1+ 14.Kxf1 cxd4 15.cxd4 e5
16.d5 Qf6+ 17.Kg1 Nc4 18.Bf2 Rf8 19.Bc5 Rf7 20.Qc1 Qa6 21.Bf2 Bf8 22.Qc2 Rxf2
23.Kxf2 Qb6+ 24.Ke1 Bb4+ 25.Nc3 Qg1+ 26.Ke2 Qxg2+  0-1

[Event "Torcy op"]
[Site "Torcy"]
[Date "1991.??.??"]
[Round "?"]
[White "Lorscheid, Gerhard"]
[Black "Arino, Franck"]
[Result "1-0"]
[WhiteElo "2290"]
[BlackElo "2060"]

1.d4 Nf6 2.c4 g6 3.Nc3 d5 4.cxd5 Nxd5 5.e4 Nxc3 6.bxc3 Bg7 7.Bb5+ Bd7 8.Be2 c5
9.Nf3 O-O 10.h3 Qa5 11.Bd2 e6 12.O-O Ba4 13.Qc1 Nd7 14.Qa3 Rfc8 15.Rab1 b6
16.c4 Qa6 17.d5 exd5 18.exd5 Re8 19.Bd3 Ne5 20.Nxe5 Bxe5 21.Rfe1 Bd4 22.Rb3 Rxe1+
23.Bxe1 Re8 24.Rb1 b5 25.cxb5 Qf6 26.Qc1 Rc8 27.Qc4 Re8 28.Kh1  1-0

[Event "SVK-ch"]
[Site "Trencin"]
[Date "1991.??.??"]
[Round "?"]
[White "Priehoda, Vitezslav"]
[Black "Banas, Jan"]
[Result "1/2-1/2"]
[WhiteElo "2365"]
[BlackElo "2370"]

1.d4 Nf6 2.c4 g6 3.Nc3 d5 4.cxd5 Nxd5 5.e4 Nxc3 6.bxc3 Bg7 7.Bc4 c5 8.Ne2 O-O
9.O-O Nc6 10.Be3 Na5 11.Bd3 b6 12.Qd2 Bb7 13.Rac1 e6 14.Rfd1  1/2-1/2

[Event "Tuzla"]
[Site "Tuzla"]
[Date "1991.??.??"]
[Round "8"]
[White "Nutu Gajic, Dana"]
[Black "Panzalovic, Srdjan"]
[Result "0-1"]
[WhiteElo "2310"]
[BlackElo "2410"]

1.d4 Nf6 2.c4 g6 3.Nc3 d5 4.cxd5 Nxd5 5.e4 Nxc3 6.bxc3 Bg7 7.Nf3 c5 8.Bb5+ Nc6
9.O-O O-O 10.d5 Na5 11.Be3 b6 12.Rc1 e5 13.Re1 a6 14.Bf1 Nb7 15.Qb3 Bd7 16.Rb1 b5
17.a4 c4 18.Qb4 Rb8 19.axb5 axb5 20.Ra1 Re8 21.Ra6 Bf8 22.d6 Qc8 23.Rd1 Nc5
24.Qxc5 Qxa6 25.Nxe5 Be6 26.f4 Red8 27.Nc6 Rbc8 28.Nxd8 Rxc5 29.Nxe6 Rc8
30.d7 Qxe6 31.d8=Q Rxd8 32.Rxd8 Qc6 33.f5 Kg7 34.Bd4+ f6 35.e5 fxe5 36.Bxe5+ Kf7
37.fxg6+ hxg6 38.Rb8 Bc5+ 39.Kh1 Qe4  0-1

[Event "Vienna op"]
[Site "Vienna"]
[Date "1991.??.??"]
[Round "7"]
[White "Lobron, Eric"]
[Black "Ikonnikov, Vyacheslav"]
[Result "1/2-1/2"]
[WhiteElo "2540"]
[BlackElo "2480"]

1.d4 Nf6 2.c4 g6 3.Nc3 d5 4.cxd5 Nxd5 5.e4 Nxc3 6.bxc3 Bg7 7.Nf3 c5 8.Rb1 O-O
9.Be2 Nc6 10.d5 Ne5 11.Nxe5 Bxe5 12.Qd2 e6 13.f4 Bg7 14.Bc4 Qa5 15.O-O Bxc3
16.Qd3 a6 17.dxe6 Bxe6 18.Bxe6 fxe6 19.Rxb7 Rab8 20.Rxb8 Rxb8 21.Be3 Bd4
22.Bxd4 Qd8 23.Rd1 Qxd4+ 24.Qxd4 cxd4 25.Rxd4 Rb1+ 26.Kf2 Rb2+ 27.Kf3 Rxa2
28.Rd8+ Kg7 29.Rd7+ Kh6 30.Re7 a5 31.g4 Ra3+ 32.Ke2 a4 33.e5 Rh3 34.Kf2 Rb3
35.Rxe6 Rb2+ 36.Kf3 Rb3+ 37.Kg2 Rb4 38.Kg3 Rb3+ 39.Kh4 Rb4 40.g5+ Kg7 41.Kg4 Rb1
42.Re7+ Kg8 43.Ra7 Ra1 44.f5 Rg1+ 45.Kf4 Rf1+ 46.Ke4 Rxf5 47.h4 Rf1 48.e6 Kf8
49.Kd5 Rd1+ 50.Kc6 Rc1+ 51.Kd5  1/2-1/2

[Event "Vienna op"]
[Site "Vienna"]
[Date "1991.??.??"]
[Round "8"]
[White "Timoshchenko, Gennadi A"]
[Black "Jukic, Branimir"]
[Result "1-0"]
[WhiteElo "2505"]
[BlackElo "2310"]

1.d4 Nf6 2.c4 g6 3.Nc3 d5 4.cxd5 Nxd5 5.e4 Nxc3 6.bxc3 Bg7 7.Bc4 O-O 8.Ne2 Nc6
9.O-O b6 10.e5 Na5 11.Bd3 Bb7 12.Nf4 c5 13.Be3 cxd4 14.cxd4 e6 15.Qg4 Nc6
16.Rad1 Ne7 17.h4 h5 18.Qg3 Kh8 19.Nh3 Nf5 20.Bxf5 exf5 21.d5 Qe8 22.e6 Rd8
23.Qc7 Rb8 24.e7  1-0

[Event "Vrnjacka Banja"]
[Site "Vrnjacka Banja"]
[Date "1991.??.??"]
[Round "3"]
[White "Maksimenko, Andrei"]
[Black "Simic, Radoslav"]
[Result "1-0"]
[WhiteElo "2370"]
[BlackElo "2485"]

1.d4 Nf6 2.c4 g6 3.Nc3 d5 4.cxd5 Nxd5 5.e4 Nxc3 6.bxc3 Bg7 7.Nf3 c5 8.Rb1 O-O
9.Be2 Bg4 10.O-O cxd4 11.cxd4 Bxf3 12.Bxf3 Bxd4 13.Rxb7 Nc6 14.Qa4 Qd6 15.Ba3 Qf6
16.Rb5 Rab8 17.Rd5 Rfd8 18.Rd1 Kg7 19.h3 e5 20.Rc1 Ne7 21.Rxd8 Rxd8 22.Rc7 Ng8
23.Rc6 Qh4 24.Qc2 h5 25.Bc5 Rd7 26.Bxd4 exd4 27.Be2 Nf6 28.Bd3 Qg5 29.Rc5 Qf4
30.Qa4 Rd8 31.Qa5 Re8 32.Qa4 Rd8 33.Qc2 h4 34.a4 Rd7 35.a5 Re7 36.Qc4 Rd7
37.Qa4 Rd8 38.Qc2 Rd7 39.Rc8 Re7 40.Qc4 Qd6 41.Rc6 Qd8 42.Qb4 Nxe4 43.Rc4 Nf6
44.Rxd4 Rd7 45.Rxd7 Qxd7 46.Bf1 Qd5 47.Qc3 Qd8 48.Qc5 Qd7 49.Qe5 Qd8 50.a6 Kf8
51.Qe3 Qc7 52.Qh6+ Kg8 53.Qxh4 Nd5 54.Qc4 Qa5 55.Qd4  1-0

[Event "Wiesbaden op"]
[Site "Wiesbaden"]
[Date "1991.??.??"]
[Round "4"]
[White "Aseev, Konstantin N"]
[Black "Schirm, Friedmar"]
[Result "1/2-1/2"]
[WhiteElo "2515"]
[BlackElo "2275"]

1.d4 Nf6 2.c4 g6 3.Nc3 d5 4.cxd5 Nxd5 5.e4 Nxc3 6.bxc3 Bg7 7.Bb5+ c6 8.Ba4 b5
9.Bb3 b4 10.Ne2 bxc3 11.Be3 O-O 12.Rc1 Nd7 13.Rxc3 c5 14.O-O Ba6 15.Bc4 Bxc4
16.Rxc4 cxd4 17.Nxd4 Ne5 18.Rc5 e6 19.Qe2 Rc8 20.Nb3 Qd3 21.Qxd3 Nxd3 22.Ra5 Rc7
23.Bxa7 Bc3 24.Ra3 Ra8 25.Bc5 Rxa3 26.Bxa3 Ra7 27.Bc1 Rxa2 28.Be3 Rb2 29.Nc5 Nxc5  1/2-1/2

[Event "Oberliga Wuert9091"]
[Site "Wuerttemberg"]
[Date "1991.??.??"]
[Round "?"]
[White "Kaiser, Dieter"]
[Black "Krockenberger, Martin"]
[Result "1/2-1/2"]
[WhiteElo "2300"]
[BlackElo "2315"]

1.d4 Nf6 2.c4 g6 3.Nc3 d5 4.cxd5 Nxd5 5.e4 Nxc3 6.bxc3 Bg7 7.Bc4 c5 8.Ne2 Nc6
9.Be3 O-O 10.O-O Qc7 11.Rc1 Rd8 12.Qd2 Na5 13.Bd3 b6 14.h4 Qd7 15.Rfd1 cxd4
16.cxd4 Bb7 17.d5 e6 18.Bg5 Rdc8 19.Rxc8+ Rxc8 20.Qb4 exd5 21.Bb5 Nc6 22.Qa4 d4
23.Qxa7 h6 24.Bf4 d3 25.Rxd3 Qxd3 26.Qxb7 Qb1+ 27.Kh2 Na7 28.Bd7 Rc2 29.Ng3 Rxa2
30.Be8 Qb3 31.Bb8 Qe6 32.Bd7 Qe7 33.Bxa7 Qxh4+ 34.Bh3 Rxf2 35.Bxb6 Rb2 36.Qc8+ Kh7
37.Bd8 Qf4 38.Bc7 Qf2 39.Qd7 Rd2 40.Qe7 Rd1 41.Bg4 Rd2 42.Bh3 Bd4 43.Nh1 Qg1+
44.Kg3 Qe1+ 45.Kg4 Qd1+ 46.Kf4 Qf1+ 47.Kg4 h5+ 48.Kg5 Kg7 49.Bf4 Rb2 50.Ng3 Qa6
51.Bd6 Rb5+ 52.Bf5 Qc8 53.e5 Be3+ 54.Kh4 Qc4+ 55.Kh3 gxf5 56.Nxf5+ Kh8 57.Nxe3 Rb3
58.Qg5 Qg4+ 59.Qxg4 hxg4+ 60.Kxg4 Rxe3 61.g3 Kg7 62.Kf4 Re1 63.g4 Rf1+ 64.Kg3 Rd1
65.Kf4 Rd4+ 66.Kf3 Rc4 67.Kg3 Ra4 68.Kf3 Ra6 69.Kf4 Rc6 70.Be7 Rc4+ 71.Kf3 Rc7
72.Bd6 Ra7 73.Kf4 Rd7 74.Bc5 Rd5 75.Be7 Rd4+ 76.Kf3 Rd7 77.Bf6+ Kh7 78.Kf4 Kg8
79.Kf5 Rd5 80.Be7 Rd1 81.Kf4 Kg7 82.Bd6 Kg6 83.Bf8 Rd2 84.Bd6 Rd4+ 85.Kf3 f6
86.Bc7 Rc4 87.Bd6 fxe5 88.Bxe5 Kg5 89.Kg2 Kxg4 90.Bh2 Rc2+ 91.Kh1 Kh3 92.Bg1  1/2-1/2

[Event "BRA-ch"]
[Site "Curitiba"]
[Date "1992.12.??"]
[Round "6"]
[White "Segal, Alexandru Sorin"]
[Black "Matsuura, Everaldo"]
[Result "1/2-1/2"]
[WhiteElo "2315"]
[BlackElo "2350"]

1.d4 Nf6 2.c4 g6 3.Nc3 d5 4.cxd5 Nxd5 5.e4 Nxc3 6.bxc3 Bg7 7.Bc4 c5 8.Ne2 O-O
9.Be3 Nc6 10.Rc1 cxd4 11.cxd4 Qa5+ 12.Kf1 Bd7 13.h4 Rfc8 14.h5 e5 15.hxg6 hxg6
16.Qb3 Nd8 17.d5 b5 18.Bd3 Rxc1+ 19.Nxc1 Nb7 20.Qb2 Rc8 21.Nb3 Qc3 22.Qxc3 Rxc3
23.Ke2 a5 24.Bd2 Rc7 25.Nxa5 Nxa5 26.Bxa5 Ra7 27.Bb4 Rxa2+ 28.Ke3 Rb2 29.Rb1 Bh6+
30.Kf3 Rxb1 31.Bxb1 Bf8 32.Bc3 Bd6 33.Ke2 Kf8 34.f3 Ke7 35.Bd3 Kd8 36.Ba5+ Kc8
37.Kd2 b4 38.Ba6+ Kb8 39.Kc2 Ka7 40.Bc4 Ba4+ 41.Kb2 Kb7 42.Ka2 f5 43.exf5 gxf5
44.g4 e4 45.g5 exf3 46.g6 Be8 47.g7 Bf7 48.Kb3 Be5 49.Bxb4 Bxg7 50.Bc5 Be5
51.Bf2 Bc7 52.Kc2 Bb6 53.Bxb6 Kxb6 54.Kd2 Kc5 55.Bd3 f4 56.d6 Be6 57.Bg6 Kxd6
58.Ke1 Ke5 59.Kf2 Bd5 60.Bc2 Be4 61.Bb3 Kd4 62.Be6  1/2-1/2

[Event "BRA-ch"]
[Site "Curitiba"]
[Date "1992.12.??"]
[Round "9"]
[White "Correa, Aron A"]
[Black "Tsuboi, Edson Kenji"]
[Result "1/2-1/2"]
[WhiteElo "2390"]
[BlackElo "2335"]

1.d4 Nf6 2.c4 g6 3.Nc3 d5 4.cxd5 Nxd5 5.e4 Nxc3 6.bxc3 Bg7 7.Bb5+ Bd7 8.Be2 c5
9.Nf3 cxd4 10.cxd4 Bc6 11.Qd3 f5 12.exf5 Qa5+ 13.Bd2 Qxf5 14.Qxf5 gxf5 15.Ne5 Bd5
16.Bh5+ Kf8 17.O-O Nc6 18.Rfe1 Rd8 19.Bg5 Bxe5 20.dxe5 h6 21.Bf4 e6 22.a4 Rd7
23.Ra3 Rg7 24.g3 Kg8 25.Bf3 Bxf3 26.Rxf3 Rd7 27.Kg2 Kh7 28.Rb3 Rhd8 29.Reb1 Na5
30.Rb4 Kg6 31.Be3 b6 32.Rc1 Rd5 33.h4 h5 34.Bg5 R8d7 35.Bf6 Rd4 36.Rxd4 Rxd4
37.Rc7 Rxa4 38.Rxa7 f4 39.Rg7+ Kh6 40.Re7 fxg3 41.fxg3 Kg6 42.Rxe6 Kf5 43.Rxb6 Nc4
44.Rb3 Ra2+ 45.Kg1 Ra1+ 46.Kf2 Ra2+ 47.Ke1 Ra1+ 48.Ke2 Ra5 49.Rf3+ Ke6 50.Bg5 Ra2+
51.Kf1 Nxe5 52.Rf6+ Kd5 53.Bf4 Ra1+ 54.Ke2 Ra2+ 55.Kd1 Nd3 56.Bd2 Ke4 57.Rc6 Kf5
58.Ke2 Ne5 59.Rc8 Ke4 60.Re8 Kd5 61.Rd8+  1/2-1/2

[Event "Ajka op"]
[Site "Ajka"]
[Date "1992.??.??"]
[Round "7"]
[White "Kozma, Karoly"]
[Black "Vydeslaver, Alik"]
[Result "1/2-1/2"]
[WhiteElo "2340"]
[BlackElo "2305"]

1.d4 Nf6 2.c4 g6 3.Nc3 d5 4.cxd5 Nxd5 5.e4 Nxc3 6.bxc3 Bg7 7.Bc4 c5 8.Ne2 Nc6
9.Be3 cxd4 10.cxd4 b5 11.Bd5 Bd7 12.O-O e6 13.Bxc6 Bxc6 14.d5 exd5 15.Bd4 O-O
16.Bxg7 Kxg7 17.Nd4 Rc8 18.Nxc6 Rxc6 19.exd5 Rd6 20.Qd4+ Qf6 21.Qxa7  1/2-1/2

[Event "Alba Adriatica op"]
[Site "Alba Adriatica"]
[Date "1992.??.??"]
[Round "?"]
[White "Chloupek, Stanislav"]
[Black "Sarno, Spartaco"]
[Result "0-1"]
[WhiteElo "2300"]
[BlackElo "2405"]

1.d4 Nf6 2.c4 g6 3.Nc3 d5 4.cxd5 Nxd5 5.e4 Nxc3 6.bxc3 Bg7 7.Nf3 O-O 8.Be2 c5
9.Rb1 Nc6 10.d5 Bxc3+ 11.Bd2 Bxd2+ 12.Qxd2 Na5 13.h4 Bg4 14.h5 Bxf3 15.gxf3 e5
16.f4 exf4 17.Qxf4 g5 18.Rg1 f6 19.Qe3 Re8 20.Rc1 Qb6 21.Kf1 c4 22.Qf4 Kh8
23.Qg4 Qd6 24.h6 b5 25.Kg2 Nb7 26.f3 Nc5 27.Qg3 Rad8 28.Qxd6 Rxd6 29.Kg3 Ra6
30.Rc2 Kg8 31.Rb1 Ra3 32.Kh2 a6 33.Bxc4 bxc4 34.Rxc4 Ra5 35.Rbc1 Rxa2+ 36.Kh1 Nd3
37.Rb1 Ne5 38.Rc3 Kf7 39.d6 Rd8 40.Rb7+ Rd7  0-1

[Event "Alicante op"]
[Site "Alicante"]
[Date "1992.??.??"]
[Round "2"]
[White "Garcia Palermo, Carlos"]
[Black "Basart, Josep Maria"]
[Result "1-0"]
[WhiteElo "2465"]
[BlackElo "2235"]

1.d4 Nf6 2.c4 g6 3.Nc3 d5 4.cxd5 Nxd5 5.e4 Nxc3 6.bxc3 Bg7 7.Bc4 c5 8.Ne2 Nc6
9.Be3 O-O 10.Rc1 cxd4 11.cxd4 Qa5+ 12.Kf1 Bd7 13.f3 Rfc8 14.Kf2 Nd8 15.Qd3 a6
16.d5 b5 17.Bb3 e6 18.dxe6 Bxe6 19.Nf4 Bc4 20.Qb1 Qa3 21.Nd5 Bxb3 22.Qxb3 Qxb3
23.axb3 Rxc1 24.Rxc1 Ne6 25.b4 h5 26.f4 Nd4 27.Nc7 Rc8 28.Nxa6 Ra8 29.e5 Nf5
30.Rc6 Ne7 31.Rd6 Bf8 32.Bc5 Nc8 33.Rd8  1-0

[Event "Simferopol/Alushta (Women)"]
[Site "Alushta"]
[Date "1992.??.??"]
[Round "?"]
[White "Muchnik, Larisa l"]
[Black "Alieva, Elvira"]
[Result "1-0"]
[WhiteElo "2195"]
[BlackElo "2160"]

1.d4 Nf6 2.c4 g6 3.Nc3 d5 4.cxd5 Nxd5 5.e4 Nxc3 6.bxc3 Bg7 7.Nf3 O-O 8.Be2 c5
9.O-O cxd4 10.cxd4 Bg4 11.Be3 Nc6 12.d5 Na5 13.Rc1 b6 14.h3 Bxf3 15.Bxf3 Rc8
16.Be2 Qd6 17.Ba6 Rxc1 18.Qxc1 Qe5 19.Qc2 f5 20.exf5 gxf5 21.Rd1 Rd8 22.Qd3 f4
23.Bc1 Nc6 24.Qc4 Nd4 25.d6+ e6 26.Ba3 Bf6 27.Bc8 Kh8 28.d7 Rg8 29.Rxd4 Qe1+
30.Qf1 Qc3 31.Rd3 Qe5 32.Bb7  1-0

[Event "Wch U26"]
[Site "Antwerp"]
[Date "1992.??.??"]
[Round "1"]
[White "Palacios Llera, Francisco"]
[Black "Janjgava, Natia"]
[Result "1/2-1/2"]
[WhiteElo "2310"]
[BlackElo "2230"]

1.d4 Nf6 2.c4 g6 3.Nc3 d5 4.cxd5 Nxd5 5.e4 Nxc3 6.bxc3 Bg7 7.Nf3 c5 8.Rb1 O-O
9.Be2 cxd4 10.cxd4 Qa5+ 11.Qd2 Qxd2+ 12.Bxd2 b6 13.O-O Bb7 14.d5 Ba6 15.Rfe1 Bxe2
16.Rxe2 Na6 17.Bb4 Nxb4 18.Rxb4 Rac8 19.g3 Rc5 20.Nd4 a5 21.Ra4 b5 22.Nb3 bxa4
23.Nxc5 a3 24.Nb3 Rb8 25.Nxa5 Rb2 26.Kf1 Rb1+ 27.Kg2 Rc1 28.Re3 Rc2 29.Rxa3 Bd4
30.Nc6 Bxf2 31.Nb4 Rd2 32.Rd3 Rb2 33.Rb3 Rd2 34.Kf3 Bc5 35.Nd3 Bg1 36.a4 Ra2
37.Rb7  1/2-1/2

[Event "Aragon-ch"]
[Site "Aragon"]
[Date "1992.??.??"]
[Round "?"]
[White "Alonso, Juan Ignacio"]
[Black "Palacios de la Prida, Ernesto"]
[Result "1-0"]
[WhiteElo "2300"]
[BlackElo "2250"]

1.d4 Nf6 2.c4 g6 3.Nc3 d5 4.cxd5 Nxd5 5.e4 Nxc3 6.bxc3 Bg7 7.Be3 c5 8.Rc1 O-O
9.Qd2 cxd4 10.cxd4 Nc6 11.d5 Na5 12.Nf3 b6 13.Be2 Bb7 14.O-O Qd7 15.Bh6 Rac8
16.Bxg7 Kxg7 17.Ne5 Qa4 18.f3 h5 19.Qb2 Qe8 20.Bb5  1-0

[Event "Akropolis op"]
[Site "Athens"]
[Date "1992.??.??"]
[Round "1"]
[White "Dumitrache, Dragos"]
[Black "Kondou, Eva"]
[Result "1-0"]
[WhiteElo "2375"]
[BlackElo "2245"]

1.d4 Nf6 2.c4 g6 3.Nc3 d5 4.cxd5 Nxd5 5.e4 Nxc3 6.bxc3 Bg7 7.Be3 c5 8.Qd2 Qa5
9.Rc1 Nc6 10.d5 Ne5 11.h3 c4 12.f4 Nd3+ 13.Bxd3 cxd3 14.c4 Qa3 15.e5 Bf5
16.Nf3 O-O 17.O-O Rac8 18.g4 Bd7 19.Rc3 Qa4 20.Rfc1 e6 21.Qxd3 exd5 22.cxd5 Bb5
23.Qd2 Rxc3 24.Rxc3 Rd8 25.Qc2 Qxc2 26.Rxc2 Rxd5 27.Rc8+ Bf8 28.f5 h5 29.Bh6 Kh7
30.Bxf8 gxf5 31.gxf5 Bd7 32.Rd8 Bc6 33.Ng5+ Kg8 34.Bd6+ Kg7 35.h4  1-0

[Event "Athens schev (Women)"]
[Site "Athens"]
[Date "1992.??.??"]
[Round "2"]
[White "Botsari Miladinovic, Anna Maria"]
[Black "Zlatanova, Emilia"]
[Result "1-0"]
[WhiteElo "2305"]
[BlackElo "2110"]

1.d4 Nf6 2.c4 g6 3.Nc3 d5 4.cxd5 Nxd5 5.e4 Nxc3 6.bxc3 Bg7 7.Nf3 c5 8.Bb5+ Bd7
9.Bxd7+ Nxd7 10.O-O cxd4 11.cxd4 O-O 12.Rb1 b6 13.Ba3 Re8 14.Qe2 e5 15.d5 f5
16.Nd2 Bf8 17.Bxf8 Rxf8 18.Rbc1 Rc8 19.Nc4 Qf6 20.f4 b5 21.fxe5 Nxe5 22.Nd2 Qb6+
23.Kh1 Rxc1 24.Rxc1 fxe4 25.Qxe4 Qd6 26.Re1 Nf7 27.Qd4 Qb6 28.Qxb6 axb6 29.Ne4 Ra8
30.Re2 Ra4 31.Kg1 Rd4 32.Nf6+ Kg7 33.Ne8+ Kf8 34.Nc7 Rc4 35.Nxb5 Rc5 36.Rb2 Rxd5
37.Nc3 Rc5 38.Ne4 Re5 39.Nf6 Re1+ 40.Kf2 Rd1 41.Ke2 Rd6 42.Rxb6 Rd4 43.Nxh7+ Kg7
44.Rb7 Ra4 45.Ng5 Rxa2+ 46.Kf3 Ra3+ 47.Kg4  1-0

[Event "Athens schev (Women)"]
[Site "Athens"]
[Date "1992.??.??"]
[Round "4"]
[White "Botsari Miladinovic, Anna Maria"]
[Black "Veroci, Zsuzsa"]
[Result "1/2-1/2"]
[WhiteElo "2305"]
[BlackElo "2310"]

1.d4 Nf6 2.c4 g6 3.Nc3 d5 4.cxd5 Nxd5 5.e4 Nxc3 6.bxc3 Bg7 7.Nf3 c5 8.Rb1 O-O
9.Be2 Nc6 10.d5 Ne5 11.Nxe5 Bxe5 12.Qd2 e6 13.f4 Bg7 14.dxe6 Bxe6 15.O-O Qxd2
16.Bxd2 Rfd8 17.Rb2 f5  1/2-1/2